Closest Genetic Populations to the Assyrians - Statistics

General Stats
  • This quiz has been taken 24 times
  • The average score is 5 of 12
Answer Stats
Genetic Distance Ethnicity % Correct
1.354 Armenian
86%
3.479 Lebanese
82%
3.671 Kurdish
77%
2.916 Georgian
73%
2.840 Greek
68%
3.166 Turkish
68%
3.168 Druze
41%
4.263 Yazidi
14%
4.536 Talysh
9%
4.209 Laz
5%
4.701 Lur
5%
3.317 Hemshin
0%
No matching quizzes found
Score Distribution
Percent of People with Each Score
Percentile by Number Answered
Your Score History
You have not taken this quiz